Evaluation of Financial Literacy in Slovakia During the Last Decade bakalárska práca
Enregistré dans:
| Auteur principal: | |
|---|---|
| Collectivité auteur: | |
| Autres auteurs: | |
| Format: | Livre |
| Langue: | anglais |
| Publié: |
Bratislava
2025
|
| Tags: |
Pas de tags, Soyez le premier à ajouter un tag!
|
MARC
| LEADER | 00000nbm a2200000 4500 | ||
|---|---|---|---|
| 001 | 0309470 | ||
| 005 | 20251216142851.8 | ||
| 041 | 0 | |a eng | |
| 044 | |a SK | ||
| 245 | 1 | 0 | |a Evaluation of Financial Literacy in Slovakia During the Last Decade |b bakalárska práca |c Bence Bartal ; školiteľ: Denys Orlov |
| 264 | 1 | |a Bratislava |c 2025 | |
| 300 | |a 31 s. | ||
| 100 | 1 | |a Bartal, Bence | |
| 700 | 1 | |a Orlov, Denys, 1998- | |
| 710 | 2 | |a Národohospodárska fakulta EU. Katedra bankovníctva a medzinárodných financií | |